000 01167nam a2200253Ia 4500
003 Ost
005 20260507075601.0
008 260507s9999||||xx |||||||||||||| ||und||
020 _a995706049x
040 _cfsecg
041 _aara
082 _a339
100 _aداود، حسام
_eمؤلف
245 0 _aمبادئ الاقتصاد الكلي /
_c حسام داود
250 _aطبعة 3
260 _aعمان:
_bدار المسيرة للنشر والتوزيع,
_c2005
300 _a310 صفحة؛
_bإيضاحات ؛
_c24 سم
504 _aمراجع ص.299
520 _aالناتج المحلي الاجمالي و الدخل القومي, مكونات الناتج القومي, محددات الناتج القومي (الطلب و العرض الكلي) اضافة الى الدخل التوازني, المضاعف, المشكلات الاقتصادية الكلية و كذا النقود و البنوك و في الاخير السياسات الاقتصادية.
653 _aالاقتصاد
653 _aالاقتصاد الكلي
700 _aسلمان، مصطفى وآخرون
_eمؤلف ثانوي
942 _cكتاب
999 _c45011
_d45011